[Event "Tourn. n9531"]
[Site "www.chess-mail.com"]
[Date "2017.11.23"]
[Round "1"]
[White "Falcoale"]
[Black "Luban"]
[WhiteElo "1970"]
[BlackElo "2100"]
[Result "1-0"]
[Round "1"]
1.e4 c5
2.Ng1f3 d6
3.a3 e6
4.h3 a6
5.Bf1c4 Nb8c6
6.O-O Ng8f6
7.d3 h6
8.Nb1c3 Bf8e7
9.Nc3e2 b5
10.Bc4a2 Bc8b7
11.Bc1f4 O-O
12.Ne2g3 Ra8c8
13.Nf3h2 Nc6e5
14.Nh2f3 Ne5xf3
15.Qd1xf3 d5
16.Qf3e2 dxe4
17.dxe4 Qd8b6
18.Bf4e3 Bb7xe4
19.Ra1c1 Be4d5
20.b3 Qb6b7
21.f3 c4
22.b4 c3
23.Ba2xd5 Nf6xd5
24.Be3f2 Rc8c6
25.Qe2e4 Rc6c4
26.Qe4e1 Be7h4
27.Ng3e4 Bh4xf2
28.Rf1xf2 Rf8d8
29.Ne4c5 Qb7a7
30.Kh1 a5
31.Nc5d3 axb4
32.axb4 Qa7e7
33.Rc1b1 Nd5xb4
34.Nd3e5 Rc4c7
35.f4 Rd8d4
36.Qe1e3 Qe7d6
37.Qe3f3 Qd6d5
38.Qf3xd5 exd5
39.Rb1b3 f6
40.Ne5g6 Kf7
41.f5 Rc7c4
42.Rf2f3 Nb4xc2
43.Rb3xb5 Rc4c7
44.Ng6h8 Kg8
45.Rb5b8 Kh7
46.Nh8g6 { resign }
1-0

[Event "Tourn. n9563"]
[Site "www.chess-mail.com"]
[Date "2017.11.23"]
[Round "1"]
[White "Dussek"]
[Black "Prize64"]
[WhiteElo "1820"]
[BlackElo "1950"]
[Result "0-1"]
[Round "1"]
1.d4 d5
2.Ng1f3 Ng8f6
3.e3 c5
4.b3 cxd4
5.Nf3xd4 e5
6.Nd4f3 Nb8c6
7.Bf1e2 e4
8.Nf3d4 Bc8d7
9.Bc1b2 Bf8e7
10.Nd4xc6 bxc6
11.Nb1c3 O-O
12.h3 Qd8c7
13.a3 Rf8e8
14.O-O Be7d6
15.Nc3a4 Re8e6
16.b4 a5
17.Na4c5 Bd6xc5
18.bxc5 h6
19.Bb2xf6 Re6xf6
20.Ra1b1 Rf6g6
21.Be2g4 Bd7xg4
22.hxg4 Qc7c8
23.Rb1b6 Rg6xg4
24.f3 exf3
25.Qd1xf3 Ra8a7
26.Rf1b1 Qc8e6
27.Rb6b8 Kh7
28.Rb8d8 Qe6e4
29.Qf3xe4 Rg4xe4
30.Kf2 Re4c4
31.Rb1b2 Rc4xc5
32.Rd8d6 Ra7e7
33.Ke2 Rc5c3
34.Rb2b3 Re7xe3
35.Kd2 Rc3xb3
36.cxb3 Re3xb3
37.a4 Rb3a3
38.Rd6xc6 Ra3xa4
39.Kd3 Ra4a2
40.Rc6c2 Ra2xc2
41.Kxc2 Kg6
42.Kc3 Kf5
43.Kd4 Ke6
{ resign }
0-1

[Event "Match"]
[Site "www.echecsemail.com"]
[Date "2017.11.23"]
[Round "1"]
[White "Mdesouza"]
[Black "Stevep84"]
[WhiteElo "2250"]
[BlackElo "2200"]
[Result "1-0"]
[Round "1"]
1.b3 e5
2.Bc1b2 Nb8c6
3.g3 d5
4.Bf1g2 Bc8e6
5.e3 Qd8d7
6.Ng1e2 Bf8c5
7.O-O O-O-O
8.d4 exd4
9.exd4 Bc5d6
10.c4 Ng8f6
11.Nb1c3 Nc6e7
12.c5 Bd6xg3
13.hxg3 h5
14.Ne2f4 g5
15.Nf4xe6 Qd7xe6
16.Rf1e1 Qe6f5
17.Bb2c1 h4
18.Re1xe7 hxg3
19.fxg3 Nf6g4
20.Qd1f3 Qf5xf3
21.Bg2xf3 Rh8h3
22.Bf3xg4 { resign }
1-0

[Event "Match"]
[Site "www.echecsemail.com"]
[Date "2017.11.23"]
[Round "1"]
[White "Darknight"]
[Black "Krystek23"]
[WhiteElo "1780"]
[BlackElo "2400"]
[Result "0-1"]
[Round "1"]
1.e4 c5
2.Bf1c4 e6
3.d3 Nb8c6
4.a3 Qd8c7
5.c3 Ng8f6
6.h3 d5
7.exd5 exd5
8.Bc4a2 Bf8e7
9.Bc1e3 Bc8e6
10.Ng1f3 O-O
11.Nb1d2 d4
12.cxd4 cxd4
13.Be3xd4 Be6xa2
14.Ra1xa2 Nc6xd4
15.Nf3xd4 Qc7e5
16.Nd4e2 Qe5d5
17.Ra2a1 Qd5xg2
18.Ne2g3 Be7b4
19.axb4 Rf8e8
20.Nd2e4 Nf6xe4
21.Ng3xe4 Qg2xh1
22.Kd2 Qh1xh3
23.Kc3 Re8xe4
24.Ra1a3 Ra8c8
25.Kb3 Qh3e6
26.Ka4 b5
27.Kxb5 Qe6b6
{ resign }
0-1

[Event "Match"]
[Site "www.echecsemail.com"]
[Date "2017.11.23"]
[Round "1"]
[White "Calponas"]
[Black "Gidi5"]
[WhiteElo "2090"]
[BlackElo "2059"]
[Result "1-0"]
[Round "1"]
1.e4 e5
2.Ng1f3 Nb8c6
3.Bf1b5 a6
4.Bb5a4 Ng8f6
5.O-O b5
6.Ba4b3 Bf8e7
7.Rf1e1 O-O
8.a4 b4
9.c3 a5
10.d4 d6
11.h3 exd4
12.cxd4 d5
13.e5 Nf6e4
14.Nb1d2 Bc8f5
15.Nd2f1 g5
16.Nf1g3 Ne4xg3
17.fxg3 h5
18.Bc1e3 Kh7
19.Ra1c1 Ra8a6
20.Bb3c2 Bf5g6
21.Bc2d3 Ra6b6
22.b3 Qd8d7
23.Be3xg5 Nc6d8
24.Qd1d2 Rf8g8
25.Bd3xg6 fxg6
26.h4 Nd8f7
27.e6 Rb6xe6
28.Re1xe6 Qd7xe6
29.Rc1e1 Be7xg5
30.Nf3xg5 Nf7xg5
31.Re1xe6 Ng5xe6
32.Qd2e3 Rg8e8
33.Qe3e5 c6
34.Kh2 Kh6
35.Kh3 Ne6g7
36.Qe5f4 Kh7
37.Qf4c7 Re8e4
38.Qc7xa5 Re4xd4
39.Qa5c5 Ng7f5
40.Qc5xc6 Rd4d3
41.a5 Rd3xg3
42.Kh2 Rg3xb3
43.a6 Rb3a3
44.Qc6b7 { resign }
1-0

[Event "Match"]
[Site "www.echecsemail.com"]
[Date "2017.11.23"]
[Round "1"]
[White "Rindrandria"]
[Black "Ranjachess"]
[WhiteElo "1800"]
[BlackElo "1830"]
[Result "1-0"]
[Round "1"]
1.e3 d5
2.g4 h6
3.Qd1f3 b6
4.Bf1b5 c6
5.Nb1c3 cxb5
6.Nc3xd5 Bc8b7
7.Nd5f6 Ng8xf6
8.Qf3xb7 Nb8d7
9.d4 e6
10.c3 Nf6xg4
11.Ng1h3 b4
12.Bc1d2 Bf8d6
13.Qb7g2 f5
14.Kd1 bxc3
15.bxc3 Qd8b8
16.f3 Nd7f6
17.fxg4 Nf6xg4
18.Qg2c6 Kf7
19.Rh1g1 Rh8d8
20.e4 Bd6e7
21.e5 b5
22.Qc6f3 Kg8
23.Rg1xg4 fxg4
24.Qf3xg4 g5
25.Qg4xe6 Kf8
26.Qe6xh6 Ke8
27.Qh6c6 Kf7
28.Nh3xg5 Kg7
29.Ng5e6 Kf7
30.Ne6xd8 Qb8xd8
31.Qc6xb5 a6
32.Qb5b7 Ke6
33.Kc2 Ra8b8
34.Qb7c6 Be7d6
35.exd6 Qd8xd6
36.Ra1e1 Kf7
37.Qc6xd6 Rb8b7
38.Qd6f4 Kg8
39.Re1e8 Kh7
40.Qf4h6 
1-0

[Event "1/16 Finale"]
[Site "www.chess-mail.com"]
[Date "2017.11.23"]
[Round "1"]
[White "Fvdp"]
[Black "George1955"]
[WhiteElo "2470"]
[BlackElo "2680"]
[Result "1/2-1/2"]
[Round "1"]
1.e4 e5
2.Ng1f3 Nb8c6
3.d4 exd4
4.Nf3xd4 Ng8f6
5.Nd4xc6 bxc6
6.e5 Qd8e7
7.Qd1e2 Nf6d5
8.c4 Bc8a6
9.b3 g6
10.f4 d6
11.Qe2f2 Nd5f6
12.Bf1e2 dxe5
13.Bc1a3 Qe7e6
14.fxe5 Bf8xa3
15.Nb1xa3 Nf6d7
16.O-O Nd7xe5
17.Na3c2 Ba6b7
18.Nc2b4 Qe6e7
19.Rf1e1 O-O-O
20.Nb4d3 Ne5xd3
21.Be2xd3 Qe7a3
22.Bd3e4 f5
23.Be4f3 Rh8e8
24.h3 a6
25.Qf2h4 c5
26.Bf3xb7 Kxb7
27.Re1xe8 Rd8xe8
28.Qh4xh7 Qa3b2
29.Ra1d1 Qb2xa2
30.Qh7xg6 Qa2xb3
31.Rd1a1 Qb3e3
32.Kh1 Qe3e6
33.Ra1b1 Kc8
34.Qg6h5 Qe6e4
35.Rb1f1 Re8e5
36.Qh5h6 Kb7
37.Qh6f6 a5
38.Rf1a1 f4
39.Kh2 Re5e6
40.Qf6b2 Re6b6
41.Qb2a3 Rb6g6
42.Qa3b2 { draw }
1/2-1/2

[Event "1/128 Finale"]
[Site "www.chess-mail.com"]
[Date "2017.11.23"]
[Round "1"]
[White "Redapond1"]
[Black "Osopanda"]
[WhiteElo "1640"]
[BlackElo "1690"]
[Result "0-1"]
[Round "1"]
1.d4 d6
2.Nb1c3 Ng8f6
3.Bc1f4 Nb8d7
4.Ng1f3 g6
5.e4 e5
6.dxe5 dxe5
7.Bf4xe5 Bf8g7
8.Nc3d5 Nd7xe5
9.Nf3xe5 O-O
10.Nd5xf6 Qd8xf6
11.Ne5f3 Bc8g4
12.Bf1e2 Ra8d8
13.Qd1c1 Qf6xb2
14.Qc1xb2 Bg7xb2
15.Ra1b1 Bb2c3
16.Kf1 b6
17.h3 Bg4c8
18.Be2d3 c5
19.Rb1b3 Bc3a5
20.Ke2 Bc8e6
21.Rb3a3 c4
22.Bd3xc4 Be6xc4
23.Ke3 f5
24.exf5 Rf8xf5
25.Nf3d4 Rd8e8
{ resign }
0-1

[Event "Tourn. n9578"]
[Site "www.chess-mail.com"]
[Date "2017.11.24"]
[Round "1"]
[White "Odin"]
[Black "Caspito"]
[WhiteElo "1840"]
[BlackElo "1900"]
[Result "1-0"]
[Round "1"]
1.d4 g6
2.e4 d6
3.Ng1f3 Bf8g7
4.Nb1d2 Bc8g4
5.Bf1e2 Bg4xf3
6.Nd2xf3 Nb8d7
7.Be2b5 c6
8.Bb5a4 Ng8f6
9.Bc1g5 O-O
10.O-O b5
11.Ba4b3 a5
12.Bg5xf6 Nd7xf6
13.Rf1e1 a4
14.e5 Nf6h5
15.e6 axb3
16.a3 fxe6
17.Re1xe6 Nh5f4
18.Re6e3 e6
19.cxb3 Qd8f6
20.Ra1b1 e5
21.dxe5 dxe5
22.Nf3xe5 Nf4xg2
23.Ne5g4 Qf6f5
24.Kxg2 Ra8d8
25.Qd1f3 Qf5xb1
26.Qf3xc6 Qb1f5
27.f3 Qf5f4
28.Qc6xb5 Rd8d2
29.Kf1 Qf4xg4
30.Qb5c4 Kh8
31.Qc4xg4 Rf8d8
32.Qg4g5 Bg7xb2
33.Qg5a5 Rd2d5
34.b4 Rd5xa5
35.bxa5 Rd8d1
36.Ke2 Rd1h1
37.a6 Bb2d4
38.Re3e8 Kg7
39.Re8e7 Kh6
40.a7 Bd4xa7
41.Re7xa7 Rh1xh2
42.Ke3 g5
43.a4 Rh2h3
44.Kf2 Rh3h4
45.a5 Rh4f4
46.Kg3 Rf4a4
47.Ra7a8 Kg6
48.a6 h5
49.a7 Kf7
50.Ra8h8 h4
51.Kh3 { resign }
1-0

[Event "Tourn. n9614"]
[Site "www.chess-mail.com"]
[Date "2017.11.24"]
[Round "1"]
[White "Bojan"]
[Black "Prize64"]
[WhiteElo "2010"]
[BlackElo "2040"]
[Result "0-1"]
[Round "1"]
1.e4 c5
2.Bf1c4 e6
3.c3 Nb8c6
4.a3 Qd8c7
5.Qd1g4 Ng8f6
6.Qg4e2 Bf8e7
7.h3 d5
8.exd5 exd5
9.Bc4b3 O-O
10.Ng1f3 c4
11.Bb3c2 Be7xa3
12.O-O Ba3d6
13.Nf3h4 Rf8e8
14.Qe2f3 Nc6e5
15.Qf3d1 Ne5g6
16.Nh4xg6 hxg6
17.Qd1f3 Bc8d7
18.d3 Bd7c6
19.d4 Nf6e4
20.Nb1d2 Ne4xd2
21.Bc1xd2 Re8e6
22.Bd2g5 a6
23.Rf1e1 Ra8e8
24.Bg5e3 Re6f6
25.Qf3g4 Rf6e6
26.g3 Bd6xg3
27.Kg2 Bg3d6
28.b3 Qc7e7
29.bxc4 dxc4
30.Kg1 f5
31.Bc2xf5 gxf5
32.Qg4xf5 Bc6e4
33.Qf5g4 Re6g6
34.Kf1 Rg6xg4
35.hxg4 Be4d3
36.Kg2 Qe7h4
37.f3 Qh4h2
{ resign }
0-1

[Event "Tourn. n9572"]
[Site "www.chess-mail.com"]
[Date "2017.11.24"]
[Round "1"]
[White "Rons"]
[Black "Tonino1"]
[WhiteElo "2630"]
[BlackElo "2300"]
[Result "1-0"]
[Round "1"]
1.e4 d6
2.d4 Ng8f6
3.Nb1c3 g6
4.f4 Bf8g7
5.Ng1f3 O-O
6.Bf1d3 c6
7.O-O Qd8c7
8.Qd1e1 e5
9.fxe5 dxe5
10.Nf3xe5 Nf6g4
11.Ne5xg4 Bc8xg4
12.e5 Nb8d7
13.Qe1h4 Bg4e6
14.Nc3e4 Be6f5
15.Rf1xf5 gxf5
16.Ne4d6 Qc7d8
17.Bc1g5 f6
18.Bd3xf5 Rf8e8
19.Qh4xh7 Kf8
20.Bg5h6 Bg7xh6
21.Qh7f7  { time }
1-0

[Event "Tourn. n9593"]
[Site "www.chess-mail.com"]
[Date "2017.11.24"]
[Round "1"]
[White "Cristiano"]
[Black "Madz123456"]
[WhiteElo "1770"]
[BlackElo "1640"]
[Result "0-1"]
[Round "1"]
1.e4 c5
2.Ng1f3 e6
3.d4 cxd4
4.Nf3xd4 Ng8f6
5.Nb1c3 d6
6.Bf1e2 Bf8e7
7.Bc1e3 Nb8c6
8.Qd1d2 e5
9.Nd4b3 O-O
10.O-O-O a5
11.Be2b5 a4
12.Bb5xa4 Nf6xe4
13.Nc3xe4 Ra8xa4
14.Ne4c3 Ra4c4
15.a3 Bc8f5
16.h3 b5
17.g4 Bf5g6
18.Qd2d5 Qd8a8
19.Qd5xb5 d5
20.Qb5xd5 Rc4xc3
21.bxc3 Rf8d8
22.Qd5c4 Qa8xa3
23.Kb1 Bg6xc2
24.Kxc2 Qa3a2
25.Kc1 Be7a3

0-1

[Event "Tourn. n9611"]
[Site "www.chess-mail.com"]
[Date "2017.11.24"]
[Round "1"]
[White "Madz123456"]
[Black "Begory"]
[WhiteElo "1670"]
[BlackElo "1520"]
[Result "1-0"]
[Round "1"]
1.e4 e5
2.Ng1f3 Nb8c6
3.Bf1c4 h6
4.O-O Bf8c5
5.c3 Ng8f6
6.d4 exd4
7.cxd4 Bc5b4
8.e5 Nf6g8
9.d5 Nc6b8
10.d6 cxd6
11.a3 Bb4c5
12.Qd1d5 Qd8e7
13.Rf1e1 Qe7e6
14.exd6 Qe6xe1
15.Nf3xe1 { resign }
1-0

[Event "Tourn. n9591"]
[Site "www.chess-mail.com"]
[Date "2017.11.24"]
[Round "1"]
[White "Chapi"]
[Black "Luban"]
[WhiteElo "2170"]
[BlackElo "2070"]
[Result "1/2-1/2"]
[Round "1"]
1.d4 d5
2.c4 e6
3.Nb1c3 h6
4.cxd5 exd5
5.Ng1f3 Ng8f6
6.Bc1f4 c6
7.e3 Bc8g4
8.Bf1e2 Bg4xf3
9.Be2xf3 Bf8d6
10.Qd1e2 O-O
11.Bf4xd6 Qd8xd6
12.O-O Nb8a6
13.a3 Na6c7
14.Ra1c1 Rf8e8
15.Nc3a4 b6
16.Rc1c2 Ra8c8
17.Rf1c1 Nc7e6
18.b4 Nf6d7
19.Na4c3 Rc8c7
20.b5 Nd7f6
21.bxc6 Ne6xd4
22.Qe2d1 Nd4xf3
23.Qd1xf3 a6
24.Nc3e2 Re8c8
25.Ne2d4 Qd6xa3
26.Nd4f5 Kh7
27.Qf3e2 Nf6e4
28.Qe2d1 Ne4f6
29.Rc2c3 Qa3f8
30.Qd1a4 Nf6e4
31.Rc3c2 Ne4c5
32.Qa4a2 Rc7xc6
33.Qa2xd5 g6
34.Nf5g3 Rc6c7
35.Ng3e4 Qf8g7
36.h3 Nc5e6
37.Rc2xc7 Rc8xc7
38.Rc1xc7 Ne6xc7
39.Qd5b7 f5
40.Ne4g3 b5
41.Ng3e2 a5
42.Ne2d4 b4
43.Nd4c6 Nc7e6
44.Qb7xg7 Kxg7
45.Nc6xa5 Ne6c5
46.Na5c4 Kf6
47.Kf1 Ke6
48.Ke1 Kd5
49.Nc4b2 Nc5e4
50.f3 Ne4c3
51.Kd2 Nc3b5
52.g4 Nb5a3
53.Kd3 Na3b5
54.Nb2c4 Nb5a3
55.Nc4b2 Na3b5
56.Kc2 fxg4
57.hxg4 h5
58.gxh5 gxh5
59.Kd3 h4
60.Ke2 Nb5a3
61.e4 Kd4
62.e5 Kxe5
{ draw }
1/2-1/2

[Event "Tourn. n9629"]
[Site "www.chess-mail.com"]
[Date "2017.11.24"]
[Round "1"]
[White "Apdash"]
[Black "Fantomas"]
[WhiteElo "2250"]
[BlackElo "2140"]
[Result "0-1"]
[Round "1"]
1.e4 g6
2.d4 Bf8g7
3.c3 d6
4.Bf1d3 Ng8f6
5.Bc1g5 c5
6.Ng1f3 Qd8b6
7.Qd1c2 cxd4
8.cxd4 Nb8c6
9.Bg5d2 Bc8g4
10.Bd2c3 Bg4xf3
11.gxf3 Nc6xd4
12.Qc2a4 Nf6d7
13.Nb1d2 Ra8c8
14.h4 Rc8c6
15.h5 Nd7c5
16.Qa4c4 Nc5xe4
17.Bc3xd4 Bg7xd4
18.Qc4a4 Bd4xf2
19.Kd1 Ne4xd2
20.Bd3b5 Nd2xf3
21.Ra1c1 Nf3d4
22.Bb5xc6 bxc6
23.Rh1h2 Bf2e3
24.Rc1c4 d5
25.Rc4c3 Be3f4
26.Rh2f2 e5
27.Rc3d3 Nd4f5
28.Qa4c2 gxh5
29.Qc2e2 Nf5e3
30.Kc1 Rh8g8
31.b3 Rg8g1
32.Kb2 Ne3c4
33.Kc3 Rg1c1
34.Qe2c2 Qb6a5
35.b4 Qa5a3
{ resign }
0-1

[Event "Tourn. n9580"]
[Site "www.chess-mail.com"]
[Date "2017.11.24"]
[Round "1"]
[White "Louis"]
[Black "Dussek"]
[WhiteElo "2010"]
[BlackElo "1810"]
[Result "0-1"]
[Round "1"]
1.e4 e6
2.d4 d5
3.exd5 exd5
4.Ng1f3 Ng8f6
5.c4 c6
6.cxd5 Qd8xd5
7.Nb1c3 Qd5a5
8.Bc1d2 Bf8b4
9.Qd1e2 Bc8e6
10.Qe2d1 Nf6d5
11.a3 Bb4xc3
12.bxc3 Nb8d7
13.c4 Nd5c3
14.Qd1c2 O-O
15.Bd2xc3 Qa5c7
16.Bf1d3 Nd7f6
17.O-O h6
18.Rf1e1 Ra8d8
19.a4 Be6g4
20.Nf3e5 Bg4e6
21.Ra1b1 b6
22.f4 Rf8e8
23.f5 Be6c8
24.g3 Bc8b7
25.d5 cxd5
26.Ne5f3 dxc4
27.Bc3xf6 Rd8xd3
28.Re1xe8 Kh7
29.Nf3e5 gxf6
30.Ne5xd3 Qc7c6
31.Re8e1 Qc6h1
{ resign }
0-1

[Event "Tourn. n9509"]
[Site "www.chess-mail.com"]
[Date "2017.11.24"]
[Round "1"]
[White "Seger"]
[Black "Szustan"]
[WhiteElo "2710"]
[BlackElo "2530"]
[Result "1/2-1/2"]
[Round "1"]
1.c4 e5
2.e4 Ng8f6
3.Nb1c3 Bf8c5
4.Bf1e2 Nb8c6
5.Ng1f3 O-O
6.Nf3xe5 Nc6xe5
7.d4 Bc5b4
8.dxe5 Nf6xe4
9.Qd1d4 Ne4xc3
10.bxc3 Bb4a5
11.O-O Rf8e8
12.Be2f3 d6
13.exd6 Qd8xd6
14.Qd4xd6 cxd6
15.Bc1e3 Ba5xc3
16.Ra1b1 Ra8b8
17.Rf1c1 Bc3f6
18.Be3xa7 Rb8a8
19.Ba7e3 Ra8xa2
20.g3 g6
21.Bf3xb7 Bc8xb7
22.Rb1xb7 Kg7
23.Rb7b6 Re8d8
24.Rc1d1 Ra2c2
25.Rb6c6 d5
26.Be3d4 Bf6xd4
27.Rd1xd4 h5
28.Kg2 Kf8
29.Rd4xd5 Rd8xd5
30.cxd5 Rc2d2
31.d6 Ke8
{ draw }
1/2-1/2

[Event "Match"]
[Site "www.echecsemail.com"]
[Date "2017.11.24"]
[Round "1"]
[White "Apdash"]
[Black "Guidom"]
[WhiteElo "2310"]
[BlackElo "2160"]
[Result "1-0"]
[Round "1"]
1.e4 e5
2.Ng1f3 Nb8c6
3.Bf1c4 Bf8e7
4.O-O d6
5.d4 exd4
6.Nf3xd4 Nc6e5
7.Bc4b3 Ng8f6
8.f4 Ne5g6
9.Nb1c3 a6
10.Kh1 c5
11.Nd4f3 O-O
12.f5 Ng6e5
13.Bc1f4 Qd8c7
14.Nc3d5 Nf6xd5
15.Bb3xd5 Be7f6
16.Nf3g5 Bf6xg5
17.Bf4xg5 Kh8
18.Qd1h5 f6
19.Bg5e3 Bc8d7
20.Rf1f4 Bd7e8
21.Qh5xh7 Kxh7
22.Rf4h4 { resign }
1-0

[Event "Match"]
[Site "www.echecsemail.com"]
[Date "2017.11.24"]
[Round "1"]
[White "Liencam2"]
[Black "Joaodelisboa"]
[WhiteElo "2240"]
[BlackElo "2019"]
[Result "0-1"]
[Round "1"]
1.e4 c5
2.Nb1c3 e6
3.Ng1f3 d5
4.exd5 exd5
5.d4 c4
6.Bf1e2 Ng8f6
7.Bc1g5 Bf8e7
8.Nf3e5 O-O
9.Be2f3 Bc8e6
10.Ne5xc4 Nb8c6
11.Nc4e5 Ra8c8
12.O-O a6
13.g3 h6
14.Bg5e3 Be7d6
15.Ne5xc6 bxc6
16.Nc3e2 Qd8d7
17.Ne2f4 Rf8e8
18.c3 Be6f5
19.Bf3g2 Nf6g4
20.Be3d2 Ng4f6
21.f3 Re8e7
22.Qd1a4 Qd7b7
23.b4 Rc8e8
24.Ra1e1 Bd6xf4
25.Re1xe7 Re8xe7
26.Bd2xf4 Bf5d3
27.Rf1d1 Bd3b5
28.Qa4c2 Re7e2
29.Qc2f5 Qb7e7
30.Bg2f1 Re2e1
31.Kf2 Re1xd1
32.Bf1xb5 axb5
{ resign }
0-1

[Event "Match"]
[Site "www.echecsemail.com"]
[Date "2017.11.24"]
[Round "1"]
[White "Cgragsdale"]
[Black "Hansolo64"]
[WhiteElo "1499"]
[BlackElo "1499"]
[Result "1-0"]
[Round "1"]
1.h4 d5
2.f4 f5
3.d4 Nb8c6
4.c3 e6
5.b4 a6
6.a3 b6
7.e3 g6
8.Bf1d3 Bf8g7
9.Bd3xa6 Bc8xa6
10.g3 Ng8f6
11.Nb1d2 O-O
12.Ng1h3  { time }
1-0

[Event "Match"]
[Site "www.echecsemail.com"]
[Date "2017.11.24"]
[Round "1"]
[White "Jc7325"]
[Black "Paco"]
[WhiteElo "1499"]
[BlackElo "1910"]
[Result "0-1"]
[Round "1"]
1.c4 d5
2.cxd5 Qd8xd5
3.Nb1c3 Qd5a5
4.Ng1f3 e5
5.e4 Ng8f6
6.Bf1c4 h6
7.O-O Bf8d6
8.Ra1b1 c6
9.a3 b5
10.Bc4xf7 Kxf7
11.d4 Bc8g4
12.h3 Bg4xf3
13.Qd1xf3 exd4
14.b4 Qa5c7
15.Bc1f4 Bd6xf4
16.Nc3e2 Bf4e5
17.Qf3d3 Nb8a6
18.f4 Be5xf4
19.Ne2xf4 Rh8d8
20.Qd3b3 Ke8
21.Nf4e6 Qc7f7
22.e5 Na6c7
23.Ne6xc7 Qf7xc7
24.exf6 gxf6
 { time }
0-1

[Event "Match"]
[Site "www.echecsemail.com"]
[Date "2017.11.24"]
[Round "1"]
[White "Ulmus"]
[Black "Luke1302"]
[WhiteElo "1499"]
[BlackElo "1280"]
[Result "0-1"]
[Round "1"]
1.e4 e5
2.Ng1f3 b6
3.Nb1c3 g6
4.Bf1c4 Ng8h6
5.h4 Bf8g7
6.d3 Bc8b7
7.h5 Qd8e7
8.Bc1xh6 Bg7xh6
 { time }
0-1

[Event "Fast Game"]
[Site "www.echecsemail.com"]
[Date "2017.11.24"]
[Round "1"]
[White "Aljekiene"]
[Black "Piekki"]
[WhiteElo "1599"]
[BlackElo "1279"]
[Result "1-0"]
[Round "1"]
1.c4 e5
2.Nb1c3 d6
3.g3 f5
4.Bf1g2 Ng8f6
5.d4 e4
6.Bc1g5 Bf8e7
7.Ng1h3 Nf6g4
8.Bg5xe7 Qd8xe7
9.Nc3d5 Qe7d8
10.e3 c6
11.Nd5c3 Qd8a5
12.O-O O-O
13.Qd1d2 Bc8e6
14.Nc3xe4 { resign }
1-0

[Event "Tourn. n9576"]
[Site "www.chess-mail.com"]
[Date "2017.11.25"]
[Round "1"]
[White "Aiko1603"]
[Black "Luban"]
[WhiteElo "2020"]
[BlackElo "2120"]
[Result "0-1"]
[Round "1"]
1.c4 e6
2.Nb1c3 d5
3.cxd5 exd5
4.d4 c6
5.g3 h6
6.Bf1g2 Ng8f6
7.Ng1f3 Bc8f5
8.O-O Bf8d6
9.Bc1e3 Nb8d7
10.Qd1d2 Nf6e4
11.Nc3xe4 Bf5xe4
12.a3 Nd7f6
13.h3 Qd8c7
14.b4 O-O
15.Nf3h2 Nf6h5
16.Bg2xe4 dxe4
17.Be3xh6 Nh5xg3
18.Qd2g5 Ng3xe2
19.Kh1 f6
20.Qg5g4 Bd6xh2
21.Qg4xe2 Bh2f4
22.Bh6xf4 Qc7xf4
23.Rf1g1 Kf7
24.Qe2h5 Ke6
25.Rg1xg7 Ra8d8
26.Ra1d1 Rd8d5
27.Qh5g4 Qf4xg4
28.Rg7xg4 f5
29.Rg4g6 Rf8f6
30.Rg6g7 Rd5d7
31.Rg7xd7 Kxd7
32.Kh2 Kd6
33.h4 Kd5
34.Kg3 f4
35.Kg4 e3
36.fxe3 fxe3
37.h5 Ke4
38.Kg5 Rf6f2
39.h6 Rf2h2
40.Kg6 e2
41.Rd1e1 Kxd4
42.h7 Kd3
43.Re1g1 Kd2
44.Kg7 e1Q
45.Rg1xe1 Kxe1
46.h8Q Rh2xh8
47.Kxh8 Kd2
48.Kg7 Kc3
{ resign }
0-1

[Event "Tourn. n9548"]
[Site "www.chess-mail.com"]
[Date "2017.11.25"]
[Round "1"]
[White "Malbertan"]
[Black "Fabos12"]
[WhiteElo "1930"]
[BlackElo "1990"]
[Result "0-1"]
[Round "1"]
1.b4 e6
2.Bc1b2 d5
3.Ng1f3 Ng8f6
4.a3 c5
5.b5 Bf8d6
6.e3 O-O
7.c4 Nb8d7
8.Bf1e2 dxc4
9.Be2xc4 Nd7b6
10.Bc4e2 a6
11.O-O axb5
12.Nb1c3 b4
13.axb4 cxb4
14.Nc3b5 Ra8xa1
15.Qd1xa1 Bd6e7
16.Bb2e5 Nb6d5
17.e4 Nf6xe4
18.d3 Ne4f6
19.d4 Qd8b6
20.Rf1b1 Bc8d7
21.Nb5a3 Qb6a5
22.Na3c2 Qa5xa1
23.Rb1xa1 b3
24.Nc2e1 Nd5c3
25.Be2d3 Nf6d5
26.Nf3d2 b2
27.Ra1a7 Bd7c6
28.Ne1c2 Be7g5
29.Nd2f3 b1Q
{ resign }
0-1

[Event "Tourn. n9625"]
[Site "www.chess-mail.com"]
[Date "2017.11.25"]
[Round "1"]
[White "Bojan"]
[Black "Joaodelisboa"]
[WhiteElo "1980"]
[BlackElo "2140"]
[Result "1/2-1/2"]
[Round "1"]
1.e4 c5
2.Ng1f3 e6
3.d4 cxd4
4.Nf3xd4 Ng8f6
5.Nb1c3 Nb8c6
6.Nd4xc6 bxc6
7.e5 Nf6d5
8.Nc3xd5 exd5
9.Bc1e3 g6
10.Bf1e2 Bf8g7
11.f4 d6
12.Be3d4 c5
13.Bd4f2 dxe5
14.Bf2xc5 Qd8a5
15.b4 Qa5d8
16.fxe5 Bg7xe5
17.O-O f6
18.Ra1b1 Kf7
19.Qd1d3 Bc8f5
20.Qd3b3 Bf5e6
21.Be2f3 a5
22.c3 axb4
23.cxb4 d4
24.Qb3d3 Ra8xa2
25.Rb1d1 Qd8d7
26.Rd1a1 Qd7a4
27.Ra1xa2 Qa4xa2
28.Qd3e4 Rh8b8
29.Rf1d1 Qa2a4
30.h4 Be6f5
{ draw }
1/2-1/2

[Event "Tourn. n9575"]
[Site "www.chess-mail.com"]
[Date "2017.11.25"]
[Round "1"]
[White "Ffdd65"]
[Black "Scasan55"]
[WhiteElo "2170"]
[BlackElo "2060"]
[Result "1-0"]
[Round "1"]
1.e4 c5
2.c3 Nb8c6
3.d4 cxd4
4.cxd4 d6
5.d5 Nc6e5
6.Ng1f3 Ne5xf3
7.Qd1xf3 e6
8.Bf1c4 Ng8f6
9.Bc1g5 Bf8e7
10.O-O O-O
11.Nb1c3 a6
12.a4 b6
13.Qf3g3 exd5
14.Bg5h6 Nf6e8
15.Nc3xd5 Be7f6
16.Bh6c1 Bf6e5
17.Qg3e3 Ra8b8
18.f4 Be5f6
19.e5 Bf6e7
20.Nd5b4 dxe5
21.Nb4c6 Qd8c7
22.Nc6xe7 Qc7xe7
23.fxe5 Ne8d6
24.exd6 Qe7xd6
25.Qe3f4 Qd6c5
26.Bc1e3 { resign }
1-0

[Event "Tourn. n9560"]
[Site "www.chess-mail.com"]
[Date "2017.11.25"]
[Round "1"]
[White "Norlavuaram"]
[Black "Bojan"]
[WhiteElo "2100"]
[BlackElo "2030"]
[Result "1-0"]
[Round "1"]
1.e4 e5
2.Ng1f3 d6
3.d4 Qd8e7
4.Nb1c3 c6
5.Bf1d3 Bc8g4
6.O-O exd4
7.Nc3e2 Bg4xf3
8.gxf3 c5
9.Ne2g3 a6
10.Bc1f4 h6
11.e5 d5
12.Ng3f5 Qe7e6
13.Rf1e1 Kd7
14.b3 Nb8c6
15.Nf5g3 g6
16.Qd1c1 b5
17.c4 Nc6b4
18.Bd3b1 dxc4
19.bxc4 Ng8e7
20.Ng3e4 Nb4c6
21.Ne4f6 Kc7
22.cxb5 axb5
23.Qc1xc5 Ra8a5
24.Nf6e8 Kd7
25.Ne8f6 Kc8
26.Bb1e4 Kc7
27.Re1c1 b4
28.Qc5xa5 Kb7
29.Qa5xb4 Ka7
30.Be4xc6 Ne7xc6
31.Qb4a4 Kb6
32.Ra1b1 { resign }
1-0

[Event "Tourn. n9614"]
[Site "www.chess-mail.com"]
[Date "2017.11.25"]
[Round "1"]
[White "Orhany24"]
[Black "Bojan"]
[WhiteElo "2130"]
[BlackElo "2020"]
[Result "0-1"]
[Round "1"]
1.e4 e5
2.Ng1f3 d6
3.d4 exd4
4.Nf3xd4 d5
5.exd5 Qd8xd5
6.c4 Qd5e4
7.Bc1e3 Bf8b4
8.Nb1c3 Qe4e5
9.Ra1c1 Ng8f6
10.Bf1d3 Nf6g4
11.Qd1a4 c6
12.Qa4xb4 Ng4xe3
13.Nd4e2 Ne3xg2
14.Kd1 Nb8a6
15.Qb4a3 Bc8g4
16.Kc2 O-O-O
17.Rc1d1 Na6c5
18.Nc3d5 Nc5xd3
19.Nd5e7 Kc7
{ resign }
0-1

[Event "Tourn. n9445"]
[Site "www.chess-mail.com"]
[Date "2017.11.25"]
[Round "1"]
[White "Marbachess"]
[Black "Ejner"]
[WhiteElo "2590"]
[BlackElo "2330"]
[Result "1-0"]
[Round "1"]
1.f4 g6
2.e4 d5
3.exd5 Ng8f6
4.d4 Nf6xd5
5.c4 Nd5b6
6.Bc1e3 Bf8g7
7.Ng1f3 O-O
8.Bf1e2 c5
9.Nb1c3 cxd4
10.Nf3xd4 Nb8c6
11.Nd4xc6 bxc6
12.Qd1xd8 Rf8xd8
13.Ra1c1 e5
14.fxe5 Bc8e6
15.b3 Nb6d7
16.Nc3a4 Nd7xe5
17.h3 Ne5d3
18.Be2xd3 Rd8xd3
19.Ke2 Rd3xe3
20.Kxe3 Bg7h6
21.Kd4 Ra8d8
22.Kc5 Bh6xc1
23.Rh1xc1 Rd8d2
24.Rc1g1 Rd2xa2
25.Kxc6 h5
26.Na4c5 Be6f5
27.g4 hxg4
28.hxg4 Bf5c2
29.b4 f5
30.g5 Ra2b2
31.b5 Rb2b4
32.Rg1c1 Rb4xc4
33.Kd5 Rc4b4
34.Rc1xc2 Rb4xb5
35.Rc2a2 a5
36.Ra2a1 Kf7
37.Kc6 Rb5b2
38.Ra1xa5 f4
39.Nc5d3 { resign }
1-0

[Event "Tourn. n9603"]
[Site "www.chess-mail.com"]
[Date "2017.11.25"]
[Round "1"]
[White "Hansen"]
[Black "Begory"]
[WhiteElo "1540"]
[BlackElo "1530"]
[Result "0-1"]
[Round "1"]
1.c4 d5
2.c5 Nb8c6
3.e3 Bc8f5
4.Nb1c3 e5
5.Bf1b5 Qd8d7
6.Ng1f3 e4
7.Nf3e5 Qd7e6
8.f4 a6
9.Bb5xc6 bxc6
10.O-O f6
11.g4 Bf5g6
12.Qd1a4 Bf8xc5
13.Ne5xc6 Qe6xg4
14.Kf2 Qg4f3
15.Kg1 Qf3g4
16.Kh1 Kf8
17.Nc3xd5 Ra8e8
18.Nd5xc7 Re8c8
19.Qa4xa6 Rc8xc7
20.Nc6d8 Ke8
21.Nd8e6 Rc7e7
22.Qa6c6 Kf7
23.Ne6xc5 Ng8h6
24.d4 Rh8c8
25.Qc6d5 Kf8
26.f5 Nh6xf5
27.Nc5e6 Kg8
28.Ne6f4 Bg6f7
29.Qd5b5 g5
30.h3 gxf4
31.Rf1g1 Nf5g3
32.Kh2 Qg4d7
33.Qb5f1 Bf7g6
34.Rg1xg3 fxg3
35.Kg2 Rc8c2
36.Kg1 g2
37.Qf1xf6 Re7f7
38.Qf6g5 Rf7f1
39.Kh2 g1Q
{ resign }
0-1

[Event "Tourn. n9549"]
[Site "www.chess-mail.com"]
[Date "2017.11.25"]
[Round "1"]
[White "Azulmarino"]
[Black "Ztornad"]
[WhiteElo "1600"]
[BlackElo "1630"]
[Result "0-1"]
[Round "1"]
1.e4 e5
2.Ng1f3 d6
3.Bf1c4 Bc8e6
4.Bc4d5 Be6xd5
5.Nb1c3 Bd5c4
6.b3 Bc4a6
7.d3 h6
8.Bc1e3 Bf8e7
9.O-O Ng8f6
10.Nf3h4 g6
11.Qd1f3 Qd8d7
12.Rf1d1 Nf6g4
13.h3 Ng4xe3
14.fxe3 Nb8c6
15.Rd1d2 Be7xh4
16.Ra1f1 O-O-O
17.a3 Rh8f8
18.Nc3d5 f5
19.g3 fxe4
20.Qf3xe4 Qd7xh3
21.Rd2h2 Rf8xf1

0-1